000 00641ntaaa2200217 4500
003 01
005 20251027200751.0
008 0714s1973 ag 01
020 _aB.A.11376
040 _aAR-BaBN
_bspa
_cAR-BaBN
_eaacr
_dRIC
082 _a784.3061 M87
100 _aMozart, Wolfgang Amadeus
_93954
245 _aLieder para una voz con acompañamiento de piano /
_cWolfgang Amadeus Mozart
250 _a1 ed.
260 _aBuenos Aires :
_bRicordi Americana,
_c1956
300 _a100 p ;
_cpart., 28 cm
500 _aBiblioteca de Música. 4/84 Juego de fichas retirado
650 _aMusica
650 _aMusica-Solo
_93955
942 _cBK
999 _c1910
_d1910